000 00590cam a22002051 4500
001 af 48005059
003 DLC
005 20260227110911.0
008 780721s1946 gw 000 0 ger c
010 _aaf 48005059
035 _a(OCoLC)4072023
040 _aYale Univ. Library
_cMiGrC
_dMiGrC
_dOCoLC
_dDLC
042 _apremarc
050 0 0 _aBT380
_b.H35
100 1 _aHeim, Karl,
_d1874-1958.
245 1 4 _aDie Bergpredigt Jesu für die heutige Zeit ausgelegt.
260 _aTübingen,
_bFurche-Verlag
_c[1946]
300 _a72 p.
_c22 cm.
630 0 0 _aSermon on the mount
_vCommentaries.
999 _c6330
_d6330